| 000 | 00843cam a2200289 4500 | ||
|---|---|---|---|
| 001 | M85495 | ||
| 008 | 090401t1997 xxu||||| |||| 00| 0 eng d | ||
| 035 | _a(Sirsi) u79914 | ||
| 041 | _aeng | ||
| 050 | _a333.335 | ||
| 110 |
_aMinistry of Agriculture Fisheries and Foods _91299 |
||
| 245 | _aAnnual survey of tenanted land 1996 - England. | ||
| 250 | _aRev. ed. | ||
| 260 |
_aLondon _bMinistry of Agriculture, Fisheries and Food _c1997 |
||
| 300 | _a25p. ; 30cm. | ||
| 350 | _a0 | ||
| 490 |
_aMAFF Statistics _v82/97 |
||
| 520 | _aReplaces MAFF Annual Rent Enquiry. | ||
| 650 | _aPROPERTY-RURAL AND NATURAL ASSETS-AGRICULTURAL PROPERTY-AGRICULTURAL LAND | ||
| 650 | _aFARM LAND | ||
| 650 | _aFARM RENTS | ||
| 650 | _aSTATISTICS | ||
| 650 | _aTENANTED LAND | ||
| 690 | _aRURAL PRACTICE | ||
| 942 | _n0 | ||
| 948 | _c25/07/1997 | ||
| 999 |
_c96571 _d96571 |
||